Ασκήσεις φυσικών διεργασιών
Saved in:
| Main Author: | |
|---|---|
| Other Authors: | |
| Format: | Book |
| Language: | Greek |
| Published: |
Αθήνα :
Παπασωτηρίου,
1994.
|
| Subjects: | |
| Tags: |
Add Tag
No Tags, Be the first to tag this record!
|
MARC
| LEADER | 00000cam a2200000 i 4500 | ||
|---|---|---|---|
| 001 | 1/1434 | ||
| 008 | 090910s1994 gr | ||| |||| ||gre|| | ||
| 020 | |a 9607510011 | ||
| 035 | |l 10105596 | ||
| 040 | |a GR-MyUa |b gre |e AACR2 | ||
| 041 | 0 | |a gre | |
| 082 | 7 | |a 660 |2 (22) | |
| 100 | 1 | |a Μαρίνος-Κουρής, Δημήτριος Σ. | |
| 245 | 1 | 0 | |a Ασκήσεις φυσικών διεργασιών / |c Δ. Μαρίνος-Κουρής, Ε. Παρλιάρου-Τσάμη. |
| 260 | |a Αθήνα : |b Παπασωτηρίου, |c 1994. | ||
| 300 | |a xiii, 478 σ. : |b διαγ., σχέδια ; |c 24 εκ. | ||
| 504 | |a Βιβλιογραφία: σ. 475-478. | ||
| 650 | 0 | 0 | |a Chemical engineering |x Problems, exercises, etc. |
| 700 | 1 | |a Παρλιάρου-Τσάμη, Ε. | |
| 852 | |a INST |b CHIOS |e 20090910 |h 660 ΜΑΡ |p 005200030069 |q 005200030069 |t BK |y 0 | ||
| 852 | |a INST |b CHIOS |e 20090910 |h 660 ΜΑΡ |p 005200030070 |q 005200030070 |t BK |y 0 | ||
| 901 | |a BIBL2-2009-2 | ||
| 970 | |a ΣΑΛΑΜΟΥΡΑ |b ΜΑΡΙΑ |z 2009/09/10 | ||